| 000 | 01202nam a22003497a 4500 | ||
|---|---|---|---|
| 999 |
_c63613 _d63613 |
||
| 005 | 20240530110650.0 | ||
| 008 | 171211s2009 ua f f b 000 0 ara d | ||
| 017 |
_a7867 _bدار الكتب |
||
| 020 | _a9789774791457 | ||
| 040 | _aEG-CaGPL | ||
| 082 | 0 | 4 |
_221 _a700.92/ _bأ ج |
| 100 | 0 | _aايناس حسني . | |
| 245 | 1 | 0 |
_aجماعة الفن المعاصر : _bثروة باقية من الفن الجميل / _cايناس حسني . |
| 250 | _aط. 1 | ||
| 260 |
_aالجيزة : _bوزارة الثقافة ، _c2009 |
||
| 300 |
_a276 ص : _bايض ؛ _c30 سم . |
||
| 504 | _aببليوجرافية : ص 275 - 276 | ||
| 600 | 0 | _aحسين يوسف امين | |
| 600 | 0 | _aعبد الهادي الجزار | |
| 600 | 0 | _aحامد ندا | |
| 600 | 0 | _aسمير رافع | |
| 600 | 0 | _aاحمد ماهر رائف | |
| 600 | 0 | _aابراهيم مسعودة | |
| 600 | 0 | _aكمال يوسف | |
| 600 | 0 | _aمحمود خليل | |
| 600 | 0 | _aسالم الحبشي | |
| 650 | 0 | 7 |
_2qrmak _aالفن |
| 650 | 0 | 7 |
_2qrmak _aالفنانون المصريون |
| 650 | 0 | 7 |
_2qrmak _aالفن _xتاريخ ونقد _yالقرن العشرين |
| 942 |
_2ddc _cBK |
||